00382nam a2200133Ia 4500003000400000008004100004020002300045040000800068100002500076245008100101260004000182300001500222365001100237LDD181029s9999 xx 000 0 und d a8185589437c595.00 cLDD aTalapatra, Ashoke K. 0aModelling & Geochemical Exploration of Mineral DepositscAshoke K. Talapatra aNew DelhibCapital Publishingc2006 axiv, 170p. b595.00